000 00922nam a22002417a 4500
005 20150708171047.0
008 150708b2004 ck ||||| |||| 00| 0 spa d
040 _aCO-BoIAVH
_cCO-BoIAVH
041 _aspa
044 _ack
082 0 4 _a363.70526
_bW97m
111 1 _aTaller de manejo para la resolución de conflictos ambientales
_cCali, (
_d31de mayo a 4 de junio de 2001)
245 1 0 _aTaller de manejo para la resolución de conflictos ambientales :
_bmemorias fotodocumentadas
260 _aCali:
_bWWF,
_c2004.
300 _a245 p.
_bfotografías a color, argollado
_c28 cm.
650 1 _aConflictos ambientales
_vtalleres
_zColombia
650 1 _aResolución de conflictos
_vtalleres
700 1 _aCandelo-Reina, Carmen
_ecoordinadora
700 1 _aNaranjo. Luis Germán
700 1 _aBlanco, Ornella
700 1 _aPendzich, Christine
942 _2ddc
_cINFORME
999 _c17546
_d17546